Le top 30 des meilleures séries originales Netflix - Statistiques

Statistiques générales
  • Ce quiz a été pris 299 fois
  • Le résultat moyen est 4 sur 30
Statistiques - réponses
Réponses % Correct
4 Stranger Things
66%
29 Squid Game
60%
27 Mercredi
35%
6 Sex Éducation
27%
24 Lupin
25%
26 13 Reasons Why
18%
18 The Witcher
16%
5 Narcos
15%
16 Le jeu de la dame
13%
1 The Crown
13%
14 Orange is the New Black
12%
25 Umbrella Academy
12%
20 La chronique des Bridgerton
10%
30 One Piece
9%
15 Darck
7%
13 Dahmer
5%
10 House of Cards
4%
2 Mindhunter
4%
7 Ozark
4%
8 Bojack Horseman
3%
12 Sense8
3%
21 The oa
3%
28 Drôle
2%
3 The Haunting of Hill House
2%
22 Acharnés
1%
17 La chute de la maison Usher
1%
9 Sermons de Minuit
1%
11 Tapie
1%
19 Chasseurs de Trolls
0%
23 Unbelivable
0%
Aucun quiz correspondant
Distribution des résultats
% des personnes avec chaque résultat
Percentile par nombre de réponses
Votre historique - résultats
Vous n’avez pas pris ce quiz